L'encyclopedie multimedia AXIS l'univers documentaire

Αποθηκεύτηκε σε:
Λεπτομέρειες βιβλιογραφικής εγγραφής
Άλλοι συγγραφείς: Vendroux, Etienne (Διευθυντής)
Μορφή: Ηλεκτρονική πηγή
Γλώσσα:French
Δημοσίευση: [Paris] : Livre de Paris/Hachette, c1993
Έκδοση:Version 1.02
Θέματα:
Ετικέτες: Προσθήκη ετικέτας
Δεν υπάρχουν, Καταχωρήστε ετικέτα πρώτοι!

MARC

LEADER 00000nmm a2200000 i 4500
001 1/41413
008 070221s1993 fr fre d
020 |a 2-245-02740-X (guide) 
035 |l 10087080 
040 |a GR-MY-UA  |b gre  |e aacr 
041 0 |a fre 
082 0 |a 034.1  |2 (22η εκδ.) 
245 1 0 |a L'encyclopedie multimedia AXIS  |h [αρχείο Η/Υ] :  |b l'univers documentaire /  |c [directeur general: Etienne Vendroux...[et al.] 
246 3 3 |a Axis 
250 |a Version 1.02 
260 |a [Paris] :   |b Livre de Paris/Hachette,   |c c1993 
300 |a 1 οπτική δισκέτα λέιζερ Η/Υ;  |c 4 3/4 iv.+  |e 1 οδηγό χρήστη 
500 |a Σε θήκη 
500 |a Λεξικό 
505 0 |a Περιλαμβάνει λεξικό και εγκυκλοπαιδικές γνώσεις στα γαλλικά 
538 |a Απαιτήσεις συστήματος: MPC-WINDOWS 
650 0 0 |a Encyclopedias and dictionaries, French. 
650 0 0 |a Multimedia systems  |x Dictionaries. 
650 0 0 |a French language  |x Dictionaries. 
650 0 0 |a French language  |x Grammar. 
700 1 |a Vendroux, Etienne.  |4 drt 
852 |a INST  |b RHODES  |e 20070221  |h 034.1 ENC   |p 005400021655  |q 005400021655  |t REF  |y 23 
852 |a INST  |b RHODES  |c AV  |e 20070221  |h 034.1 ENC  |p 005400020720  |q 005400020720  |t CDROM  |y 23 
901 |a BIBL4-2007-1 
909 |a Ρ  |b 040427 
909 |a Ρ  |b 028009 
922 |a 4ΕΛΗ 
970 |a ΚΟΖΑ  |b ΜΑΡΙΑ  |z 2007/02/21